00924nam a2200265 a 4500008004100000020002900041040001500070100003500085245011000120260005300230300006600283336002600349337002800375338002700403500002000430504004100450650002200491650001900513650002000532650002700552700002900579700003200608003000100640005001700641  a9781416025276 (hardback) aNUSTcNUST1 aBagheri, Shahrokh C.,aauthor.10aCurrent therapy in oral and maxillofacial surgery/c Shahrokh C Bagheri ; R Bryan Bell & Husain Ali Khan. aSt Louis, Missouri :bElsevier/Saunders, c2012. axviii, 1114 pages :billustrations (chiefly colour) ;c29 cm. atextbtxt2rdacontent aunmediatedbn2rdamedia avolumebnc2rdacarrier aIncludes index. aIncludes bibliographical references. 1aMaxillaxSurgery. aFacexSurgery. aMouthxSurgery. aFacial bonesxSurgery. aBell, R Bryan.,aauthor. aKhan, Husain Ali.,aauthor.20230120204311.0